Homens e mulheres falando em genocídio: a experiência imperialista alemã (1884-1945) /

Hasta hace muy poco tiempo el imperialismo alemán en África fue poco explorado tanto como un tema relevante para la historia de la propia Alemania como entre los estudiosos que se dedicaron o dedican a la historia de África. Este artículo pretende analizar algunas experiencias coloniales alemanas pr...

Mô tả đầy đủ

Đã lưu trong:
Chi tiết về thư mục
Tác giả chính: Magalhães, Marion Brepohl de
Định dạng: Sách
Ngôn ngữ:Portuguese
Những chủ đề:
Các nhãn: Thêm thẻ
Không có thẻ, Là người đầu tiên thẻ bản ghi này!

MARC

LEADER 00000nam a22000007a 4500
003 cru CIDCACS/IIS
005 20200925161332.0
007 ta
008 170421s2010 bl ||||| |||| 00| 0 por d
999 |c 19219  |d 19219 
040 |c CRAI/IIS  |a CRAI/IIS 
100 1 |9 4347  |a Magalhães, Marion Brepohl de  
245 1 |a Homens e mulheres falando em genocídio:  |b a experiência imperialista alemã (1884-1945) /  |c Marion Brepohl de Magalhães 
300 |a páginas 149-171 :  |b fotos, mapa 
520 |a Hasta hace muy poco tiempo el imperialismo alemán en África fue poco explorado tanto como un tema relevante para la historia de la propia Alemania como entre los estudiosos que se dedicaron o dedican a la historia de África. Este artículo pretende analizar algunas experiencias coloniales alemanas promovidas por hombres de negocios y agentes coloniales que ocuparon una razonable proporción territorial en África, procurando detectar algunas similitudes o incluso identificaciones entre estas prácticas y aquellas practicadas en la época del nacional socialismo, lo anterior desde una perspectiva transnacional y transcontinental. Se pretende demostrar la emergencia de una literatura planfetaria, que antepone o entrecruza lo bueno salvaje, o lo exótico, con el nativo inferiorizado y brutal, el segundo, gradualmente, haciendo desaparecer el primero; algo que siempre estuvo allí, pero que en un momento dado adquiere visibilidad: la hipótesis del genocidio.KDV/160817 
650 0 |9 5200  |a GENOCIDIO 
650 1 0 |9 3694  |a HISTORIA POLITICA 
650 1 0 |9 2097  |a SOCIALISMO 
650 4 |9 1924  |a IMPERIALISMO 
650 0 |9 1864  |a COLONIALISMO 
650 1 0 |9 3235  |a LITERATURA 
651 0 |9 5221  |a AFRICA 
651 0 |9 5222  |a ALEMANIA 
773 0 |0 18782  |9 678  |a Universidade Federal Do Paraná.  |d Curitiba Paraná, Brasil: Editora da UFPR,  |o R13168  |t História:  |x 01006932 
942 |2 ddc  |c PP